000
00294nam a22001337a 4500
008
180926b xxu||||| |||| 00| 0 eng d
020
_a
9780130288066
041
_a
eng
080
_a
541
100
_a
12
101
_a
Kim
245
_a
Peer led general chemistry
_c
D.Gosser
942
_2
udc
_c
BK
999
_c
48522
_d
48522